[Event "Sachsen-Anhalt Landesliga-A 1920"]
[Site "Sachsen Anhalt"]
[Date "2020.01.19"]
[Round "5.6"]
[White "Winnig, Bernd"]
[Black "Muenzberg, Stephan"]
[Result "1/2-1/2"]
[WhiteElo "1753"]
[BlackElo "1833"]
[PlyCount "124"]
[EventDate "2019.09.29"]
[EventType "team-tourn"]
[EventRounds "9"]
[EventCountry "GER"]
[SourceTitle "EXT 2023"]
[Source "ChessBase"]
[SourceDate "2022.10.05"]
[SourceVersion "1"]
[SourceVersionDate "2022.10.05"]
[SourceQuality "1"]
[WhiteTeam "Bernburg Aufbau"]
[BlackTeam "Magdeburg Aufbau Elbe III"]
[WhiteTeamCountry "GER"]
[BlackTeamCountry "GER"]

1. d4 Nf6 2. c4 g6 3. Nc3 d5 4. Nf3 Bg7 5. Bf4 0-0 6. h3 b6 7. e3 e6 8. Be2 c5 9. dxc5 bxc5 10. 0-0 Nc6 11. Qc2 Re8 12. cxd5 Nb4 13. Qb3 Nfxd5 14. Nxd5 Nxd5 15. Rfd1 Qb6 16. Bb5 Re7 17. Be5 Ba6 18. Bxa6 Qxa6 19. e4 Bxe5 20. Nxe5 Rb7 21. Qf3 Nb4 22. Rd7 Rxd7 23. Nxd7 Qd3 24. Rd1 Qxf3 25. gxf3 Nxa2 26. Nxc5 Rb8 27. b3 Rb5 28. Ra1 Rxc5 29. Rxa2 a5 30. Ra4 Rb5 31. Kf1 Kg7 32. Kg2 f5 33. Kg3 Kf6 34. h4 e5 35. Kh3 fxe4 36. fxe4 Rxb3+ 37. Kg2 Rb5 38. Kg3 g5 39. Rc4 gxh4+ 40. Kxh4 Rb6 41. Kh5 Ra6 42. Ra4 Ke6 43. Kg4 Ra7 44. f4 h5+ 45. Kxh5 exf4 46. Kg4 Ke5 47. Kf3 Ra8 48. Rc4 a4 49. Rc5+ Kd6 50. Rd5+ Ke6 51. Kxf4 a3 52. Rd1 a2 53. Ra1 Ra4 54. Ke3 Kd6 55. Kd3 Kc5 56. e5 Kb4 57. Kd4 Kb3+ 58. Kd5 Kb2 59. Rh1 Ra5+ 60. Kd6 Ra6+ 61. Kd7 Ra7+ 62. Kd6 a1Q 1/2-1/2

[Event "Sachsen-Anhalt Landesliga-A 1920"]
[Site "Sachsen Anhalt"]
[Date "2019.10.20"]
[Round "2.6"]
[White "Muenzberg, Stephan"]
[Black "Schulze, Nick"]
[Result "0-1"]
[WhiteElo "1833"]
[BlackElo "2037"]
[PlyCount "80"]
[EventDate "2019.09.29"]
[EventType "team-tourn"]
[EventRounds "9"]
[EventCountry "GER"]
[SourceTitle "EXT 2023"]
[Source "ChessBase"]
[SourceDate "2022.10.05"]
[SourceVersion "1"]
[SourceVersionDate "2022.10.05"]
[SourceQuality "1"]
[WhiteTeam "Magdeburg Aufbau Elbe III"]
[BlackTeam "Magdeburg Rochade II"]
[WhiteTeamCountry "GER"]
[BlackTeamCountry "GER"]

1. e4 c5 2. Nc3 Nc6 3. f4 g6 4. Nf3 Bg7 5. d3 e6 6. g3 d5 7. e5 Nge7 8. Bg2 0-0 9. 0-0 a6 10. Qe1 b5 11. g4 Qb6 12. Qh4 Re8 13. Ng5 h6 14. Nf3 c4+ 15. Qf2 Qxf2+ 16. Rxf2 cxd3 17. cxd3 Bb7 18. Be3 Rac8 19. a3 f6 20. d4 Na5 21. Bh3 Rc6 22. exf6 Bxf6 23. Ne5 Nc4 24. Re1 Nxe5 25. fxe5 Bh4 26. Bxh6 Bxf2+ 27. Kxf2 Kh7 28. Bg5 Rc4 29. Ke3 b4 30. axb4 Rxb4 31. Rf1 Kg7 32. Bf6+ Kg8 33. Rf3 Rxb2 34. Bg2 Rxg2 35. Rh3 Rxg4 36. Rh8+ Kf7 37. Rh7+ Kf8 38. Na4 g5 39. h3 Rh4 40. Rg7 Nf5+ 0-1

[Event "Sachsen-Anhalt Verbandsliga 18/19"]
[Site "Sachsen Anhalt"]
[Date "2018.12.16"]
[Round "4.6"]
[White "Rickmann, David"]
[Black "Muenzberg, Stephan"]
[Result "0-1"]
[WhiteElo "1906"]
[BlackElo "1912"]
[PlyCount "44"]
[EventDate "2018.10.21"]
[EventType "team-tourn"]
[EventRounds "9"]
[EventCountry "GER"]
[SourceTitle "EXT 2022"]
[Source "ChessBase"]
[SourceDate "2021.10.06"]
[SourceVersion "1"]
[SourceVersionDate "2021.10.06"]
[SourceQuality "1"]
[WhiteTeam "Magdeburg Aufbau Elbe III"]
[BlackTeam "Loeberitz II"]
[WhiteTeamCountry "GER"]
[BlackTeamCountry "GER"]

1. e4 e5 2. Nf3 Nc6 3. d4 exd4 4. Nxd4 Nf6 5. Nxc6 bxc6 6. e5 Qe7 7. Qe2 Nd5 8. g3 g6 9. Bg2 Bg7 10. 0-0 0-0 11. Re1 Re8 12. h4 Qxe5 13. Qxe5 Rxe5 14. Rxe5 Bxe5 15. c3 Rb8 16. Nd2 Ba6 17. Nb3 Bc4 18. Nd2 Bd3 19. Ne4 d6 20. Nd2 Nxc3 21. Nb3 Ne2+ 22. Kh2 c5 0-1

[Event "Sachsen-Anhalt Verbandsliga 18/19"]
[Site "Sachsen Anhalt"]
[Date "2018.11.11"]
[Round "2.5"]
[White "Muenzberg, Stephan"]
[Black "Matthey, Harald"]
[Result "0-1"]
[WhiteElo "1912"]
[BlackElo "2104"]
[PlyCount "78"]
[EventDate "2018.10.21"]
[EventType "team-tourn"]
[EventRounds "9"]
[EventCountry "GER"]
[SourceTitle "EXT 2022"]
[Source "ChessBase"]
[SourceDate "2021.10.06"]
[SourceVersion "1"]
[SourceVersionDate "2021.10.06"]
[SourceQuality "1"]
[WhiteTeam "Loeberitz II"]
[BlackTeam "Dessau"]
[WhiteTeamCountry "GER"]
[BlackTeamCountry "GER"]

1. e4 c6 2. Nc3 g6 3. Bc4 Bg7 4. Nge2 b5 5. Bb3 b4 6. Na4 d6 7. c3 a5 8. d4 Nf6 9. Ng3 0-0 10. Bd2 Na6 11. Bc2 Nd7 12. 0-0 e5 13. Be3 Rb8 14. b3 Nc7 15. c4 Ne6 16. Ne2 c5 17. d5 Nd4 18. Bd3 f5 19. Rc1 fxe4 20. Bxe4 Nf6 21. Ng3 Ng4 22. Qd2 Qh4 23. h3 Nxe3 24. fxe3 Qxg3 25. exd4 exd4 26. Rxf8+ Bxf8 27. Rf1 Bd7 28. Nb2 Re8 29. Qd3 Qe5 30. Qf3 Qe7 31. Nd3 Bh6 32. Nf2 Be3 33. Bd3 Rf8 34. Qe2 Qh4 35. Qc2 Qg3 36. Be4 Bf4 37. Nd3 Be3+ 38. Nf2 Bxh3 39. Kh1 Bxf2 0-1

[Event "Sachsen-Anhalt Verbandsliga 2017/18"]
[Site "Sachsen Anhalt"]
[Date "2018.04.14"]
[Round "8.4"]
[White "Muenzberg, Stephan"]
[Black "Stolz, Mike"]
[Result "0-1"]
[WhiteElo "1912"]
[BlackElo "2305"]
[PlyCount "82"]
[EventDate "2017.12.22"]
[EventType "team-tourn"]
[EventRounds "9"]
[EventCountry "GER"]
[SourceTitle "EXT 2020"]
[Source "ChessBase"]
[SourceDate "2019.10.17"]
[SourceVersion "1"]
[SourceVersionDate "2019.10.17"]
[SourceQuality "1"]
[WhiteTeam "Loeberitz II"]
[BlackTeam "Magdeburg Rochade"]
[WhiteTeamCountry "GER"]
[BlackTeamCountry "GER"]

1. e4 d5 2. exd5 Qxd5 3. Nc3 Qd6 4. d4 Nf6 5. Nf3 c6 6. Bc4 Bg4 7. Qd3 Nbd7 8. Bd2 e6 9. 0-0-0 0-0-0 10. Ng5 Qe7 11. f3 Bf5 12. Nge4 Nb6 13. Be3 Qc7 14. Qe2 Nbd5 15. Bb3 Be7 16. h4 h6 17. g4 Bh7 18. Bf2 Rhe8 19. Bg3 Nxc3 20. bxc3 Ba3+ 21. Kb1 Qe7 22. Bf4 a5 23. Ka1 a4 24. Bc4 Nd5 25. Qd2 f5 26. Nf2 Nxf4 27. Qxf4 e5 28. Qd2 e4 29. Qe3 f4 30. Qxf4 b5 31. Rb1 Bd6 32. Qf7 Qxf7 33. Bxf7 Re7 34. Bh5 e3 35. Ne4 g6 36. Rbe1 Bf4 37. Nf6 gxh5 38. Nxh5 Rf8 39. Re2 Bg6 40. Nxf4 Rxf4 41. Rh3 Bxc2 0-1

[Event "Erfurt HT op 24th"]
[Site "Erfurt"]
[Date "2014.12.29"]
[Round "6"]
[White "Drehwald, Manuel Sebastian"]
[Black "Muenzberg, Stephan"]
[Result "0-1"]
[WhiteElo "1760"]
[BlackElo "1853"]
[PlyCount "66"]
[EventDate "2014.12.26"]
[EventType "swiss"]
[EventRounds "8"]
[EventCountry "GER"]
[SourceTitle "CBM 164 Extra"]
[Source "ChessBase"]
[SourceDate "2015.03.02"]
[SourceVersion "1"]
[SourceVersionDate "2015.03.02"]
[SourceQuality "1"]

1. e4 e5 2. f4 d5 3. exd5 e4 4. d3 Nf6 5. dxe4 Nxe4 6. Be3 Qh4+ 7. g3 Nxg3 8. hxg3 Qxh1 9. Kf2 Qh6 10. Nc3 Bd6 11. Nf3 f5 12. Qd3 0-0 13. Bg2 Nd7 14. Rh1 Qf6 15. Ng5 h6 16. Ne6 Rf7 17. Bd4 Qg6 18. Bf3 Nf6 19. Qc4 Bxe6 20. dxe6 Re7 21. Bxf6 gxf6 22. Bh5 Qg7 23. Nd5 Rd8 24. Nxe7+ Qxe7 25. Bf7+ Kg7 26. Qe2 Bc5+ 27. Kg2 Qd6 28. Qh5 Qc6+ 29. Kf1 Qb5+ 30. Ke1 Qb4+ 31. c3 Qe4+ 32. Kf1 Qb1+ 33. Ke2 Qc2+ 0-1

[Event "Erfurt HT op 24th"]
[Site "Erfurt"]
[Date "2014.12.29"]
[Round "7"]
[White "Muenzberg, Stephan"]
[Black "Grund, Erwin"]
[Result "1-0"]
[WhiteElo "1853"]
[BlackElo "2046"]
[PlyCount "103"]
[EventDate "2014.12.26"]
[EventType "swiss"]
[EventRounds "8"]
[EventCountry "GER"]
[SourceTitle "CBM 164 Extra"]
[Source "ChessBase"]
[SourceDate "2015.03.02"]
[SourceVersion "1"]
[SourceVersionDate "2015.03.02"]
[SourceQuality "1"]

1. e4 d5 2. exd5 Qxd5 3. Nc3 Qd8 4. d4 Nf6 5. Nf3 Bg4 6. Be2 e6 7. h3 Bh5 8. g4 Bg6 9. Ne5 Nbd7 10. Nxg6 hxg6 11. Be3 Bb4 12. Qd3 c6 13. 0-0-0 Qa5 14. a3 Be7 15. f4 0-0-0 16. Rdf1 Nc5 17. Qc4 Nce4 18. Nxe4 Nxe4 19. Qd3 Ng3 20. Bd2 Nxe2+ 21. Qxe2 Qd5 22. c3 Qb3 23. f5 gxf5 24. gxf5 Bf6 25. fxe6 fxe6 26. Bf4 Qd5 27. Re1 Rde8 28. Qh2 Qf5 29. Ref1 Rh4 30. Bd2 Qd3 31. Qg2 Reh8 32. Qf3 Qh7 33. Qe3 Kd7 34. Rf3 Re4 35. Qf2 Rh4 36. Qe3 Re8 37. Qd3 Qh5 38. b3 Be7 39. Kb2 Qd5 40. Be1 Rh5 41. c4 Qg5 42. Rg3 Bxa3+ 43. Kxa3 Qc1+ 44. Ka2 Rf8 45. Rxg7+ Kc8 46. Qd2 Qxd2+ 47. Bxd2 Rf2 48. Rd1 Rxh3 49. Ka3 Rhh2 50. Bg5 Ra2+ 51. Kb4 b6 52. Kc3 1-0

[Event "Erfurt HT op 24th"]
[Site "Erfurt"]
[Date "2014.12.28"]
[Round "5"]
[White "Muenzberg, Stephan"]
[Black "Moeller, Frank"]
[Result "1-0"]
[WhiteElo "1853"]
[BlackElo "1835"]
[PlyCount "83"]
[EventDate "2014.12.26"]
[EventType "swiss"]
[EventRounds "8"]
[EventCountry "GER"]
[SourceTitle "CBM 164 Extra"]
[Source "ChessBase"]
[SourceDate "2015.03.02"]
[SourceVersion "1"]
[SourceVersionDate "2015.03.02"]
[SourceQuality "1"]

1. e4 e6 2. Nc3 d5 3. d4 Ne7 4. e5 Ng6 5. f4 c5 6. Nf3 Nc6 7. Be3 cxd4 8. Nxd4 Nxd4 9. Qxd4 Bd7 10. Be2 Ne7 11. 0-0 Nf5 12. Qd2 b6 13. Bf2 Bc6 14. g4 Nh4 15. Qe1 Ng2 16. Kxg2 d4+ 17. Kg3 dxc3 18. Qxc3 Rc8 19. Rad1 Bd7 20. Qd2 Qc7 21. Bg1 g5 22. Rf3 Bc6 23. Rd3 gxf4+ 24. Qxf4 Bg7 25. Bd4 0-0 26. c3 Bb5 27. R3d2 Bxe2 28. Rxe2 Qc4 29. Red2 Qxa2 30. g5 Qb3 31. Rf1 Qb5 32. Rf3 Rcd8 33. Rdf2 Rd5 34. Re3 Qd7 35. Kg2 b5 36. Rh3 Qb7 37. Kg1 Rc8 38. Qe4 Bxe5 39. Qxh7+ Kf8 40. Bxe5 Rd1+ 41. Rf1 Rxf1+ 42. Kxf1 1-0

[Event "GER-chT U12"]
[Site "Verden"]
[Date "2000.12.30"]
[Round "1.3"]
[White "Muenzberg, Stephan"]
[Black "Niethammer, Matthias"]
[Result "1/2-1/2"]
[WhiteElo "808"]
[BlackElo "954"]
[PlyCount "66"]
[EventDate "2000.12.26"]
[EventType "team"]
[EventRounds "7"]
[EventCountry "GER"]
[SourceTitle "EXT 2008"]
[Source "ChessBase"]
[SourceDate "2007.11.25"]
[SourceVersion "1"]
[SourceVersionDate "2007.11.25"]
[SourceQuality "1"]
[WhiteTeam "Sachsen Anhalt U12"]
[BlackTeam "Wolfbusch U12"]
[WhiteTeamCountry "GER"]
[BlackTeamCountry "GER"]

1. e4 e5 2. Nf3 Nc6 3. Bc4 Bc5 4. c3 Nf6 5. d4 exd4 6. cxd4 Bb4+ 7. Nc3 0-0 8. Bg5 d6 9. d5 Nb8 10. 0-0 Bg4 11. a3 Bxc3 12. bxc3 Nbd7 13. h3 Bh5 14. Rb1 Rb8 15. Qd3 h6 16. Bh4 Bxf3 17. Qxf3 Ne5 18. Qe2 Ng6 19. Bg3 Re8 20. Bd3 Qd7 21. Qe3 Re7 22. Qxa7 Qc8 23. Ba6 Rxe4 24. Bxb7 Qd8 25. Ba6 Re8 26. Bd3 Ra8 27. Qd4 Rxa3 28. Qb4 Ra7 29. Bb5 Re7 30. f3 Nxd5 31. Qd4 Nb6 32. Rbe1 Ra8 33. h4 Ra5 1/2-1/2